000 00956nam a2200193 i 4500
001 161585
003 ES-MaACL
005 20250728111239.0
008 940301s1881 sp |||| | spa d
100 1 _aPaz, Abdón de.
_9130921
245 1 0 _aLuz en la tierra
_b: demostración de que entre la religión católica y la ciencia no pueden existir conflictos /
_cpor Abdón de Paz ; obra premiada con accésit por la Real Academia de Ciencias Morales y Políticas en ... 1878.
260 _aMadrid :
_b[s.n.],
_c1881 (
_fTipografía Guttenberg, a cargo de M. Salamanqués ...)
300 _a274 p. ;
_c26 cm.
504 _aBibliografía: p. 265-274.
595 _aExiste variante de esta ed. con pequeños cambios en port.: "obra publicada por la Real Academia de Ciencias Morales y Políticas"
650 7 _aReligión y ciencia
_2embne
_916806
852 _aES-MaACL
_jC-3135
_z- Enc. hol., conservando cub. original
999 _c161585
_d161585